Čajová dívka z Kolibříkové ulice

Saved in:
Bibliographic Details
Main Author Lisa, See
Format Electronic eBook
LanguageCzech
Published Jota 2020
Edition1. elektronické vydání
Subjects
Online AccessDostupné v BOOKPORT po přihlášení pomocí eduID
ISBN978-80-7565-770-1
978-80-7565-718-3
Physical Description1 online zdroj (374 stran)

Cover

LEADER 00000nam a2200000 i 4500
001 bkp256012255
003 CZ-prgp
005 20200908163039.0
006 m o d
007 cr cn
008 200908s2020 xr o 000 1 cze
020 |a 978-80-7565-770-1  |c 248 Kč  |q (online ; epub) 
020 |a 978-80-7565-718-3  |c 336 Kč  |q (print) 
040 |a Grada  |b cze  |e rda 
100 1 |a Lisa, See 
245 1 0 |a Čajová dívka z Kolibříkové ulice  |c See Lisa 
250 |a 1. elektronické vydání 
264 1 |b Jota  |c 2020 
300 |a 1 online zdroj (374 stran) 
336 |a text  |b txt  |2 rdacontent 
337 |a počítač  |b c  |2 rdamedia 
338 |a online zdroj  |b cr  |2 rdacarrier 
520 3 |a Román o tradicích, pěstování čaje a poutech mezi matkami a dcerami od autorky bestselleru Tajemství hedvábného vějíře. Zanikající svět tradičního života horského etnika Akhů v drsné a odlehlé části jihozápadní Číny při hranicích s Barmou vytváří barvitou kulisu románového příběhu Lisy See. Jen stěží si lze představit, že ještě na sklonku minulého století tamní obyvatelé neznali elektřinu, auta ani telefon. Život na čajových horách byl a je pevně svázaný s výjimečným druhem čaje, který v bouřlivých letech po vzniku rudé Číny téměř upadl v zapomnění. Zelené zlato se ale v 21. století dočkalo opětovné pozornosti a zájem o pchu-er dramaticky změnil životy všech, kteří s ním přicházejí do styku. Pchu-er je také klíčem k osudu hlavní hrdinky Li-jen a její rodiny. Nezničitelné pouto mateřské lásky jako červená nit protkává celý příběh, v němž se střetávají naprosto odlišné světy izolovaných hor a globalizovaných velkoměst. 
650 0 4 |a Světová současná beletrie 
856 4 0 |u https://www.bookport.cz/AccountSaml/SignIn/?idp=https://shibboleth.utb.cz/idp/shibboleth&returnUrl=/kniha/cajova-divka-z-kolibrikove-ulice-6722/  |y Dostupné v BOOKPORT po přihlášení pomocí eduID